000 00488cam a2200181ua 4500
020 _cRs 60.00
041 _aeng
_h
082 _a631.3
_bBAL/NE
100 _aBalanov, V I .
245 _aNew methods for calculating resistance to cutting of soil /
_cV I Balanov.
_hTextual Documents
250 _a1 /
_b.
260 _aNew Delhi :
_bAmerind Publishing Co Pvt Ltd ,
_c1983.
300 _a103 ; .
365 _aRs 60.00
504 _a
942 _cBK
999 _c1406
_d1406